000
00272nam a2200109Ia 4500
008
220204s9999 xx 000 0 und d
082
_a
91(038)
_b
BUC
100
_a
Buchanan, R O
245
0
_a
Illustrated dictionary of geography
260
_a
London
_b
FEP
_c
1974
942
_c
BK
999
_c
32197
_d
32197